Регионална библиотека "Любен Каравелов" - Русе

Човекът в организацията (Запис номер 78543)

MARC детайли
000 -Лидер
Контролно поле с фиксирана дължина 01827nam a2200421 c 4500
003 - Код на организацията, давaща контролен номер
Контролно поле BLK
005 - Дата и час на последна редакция
Контролно поле 20240120114619.0
008 - Елементи от данни с фиксирана дължина
fixed length control field 180408b bul|||||r ||||||| ||bul||
010 ## - Наследен системен номер
LC control number KNG00083009000
020 ## - Международен стандартен номер на книга ISBN
Международен стандартен номер на книга ISBN 978-954-9996-43-2
-- издат.: ПСИДО
040 ## - Източник на каталожния запис
Идентификатор на билиотеката - собственик на записа BLK
041 ## - Код за език
Код за езика на текст/звукозапис или на отделно заглавие Български
Код за езика КДБФ Български
080 ## - УДК
Текстов определител УДК Научно управление на обществото. Социални процеси. Социални отношения.
УДК код - определител по УДК 316.43/.47
УДК определител
УДК - код + определител 316.43/.47
080 ## - УДК
Текстов определител УДК Социално поведение. Социална психология
УДК код - определител по УДК 316.6
УДК определител
УДК - код + определител 316.6
080 ## - УДК
Текстов определител УДК Психологически въпроси. Ергономия
УДК код - определител по УДК 005.32
УДК определител
УДК - код + определител 005.32
100 1# - Редна дума - Автор
Автор Стоянов, Валери Стоилов
Авторска отговорност първи автор
R(LIN) 286474
139 ## - Редно поле
Редна дума Стоянов, Валери Стоилов
Авторски знак Стоя - С 83
245 10 - Сведения за заглавието
Заглавие Човекът в организацията
Подзаглавни данни Психологичен анализ
Редно поле (дума) Валери Стоилов Стоянов.
257 ## - Страна на издаване
Страна на създаване/издаване България
260 ## - Област на издателските данни
-- Враца
Име на издателя, разпространителя и проч. ПСИДО
Година на издаване 2008
Печатница Лупо
300 ## - Физическа характеристика
Страници 222 с.
Размери/Мащаб 20 см
380 ## - Жанр
Жанр Обществени науки
490 1# - СЕРИИ (Колекции)
Име на серия Библиотека Психология
500 ## - Общи забележки
Забележка Офс. изд. - Библиогр. с. 215-222.
504 ## - Забележка за наличие на библиография и др
Забележка за наличие на библиография и под. 215-222
650 #4 - Допълнително описание по предмет – тема
Основно описание – тема или топоним Организационно поведение
9 (RLIN) 267078
650 #4 - Допълнително описание по предмет – тема
Основно описание – тема или топоним Социална психология
9 (RLIN) 243161
650 #4 - Допълнително описание по предмет – тема
Основно описание – тема или топоним Управление - психологични проблеми
9 (RLIN) 284631
653 ## - Ключова дума – ненормативна
Ключова дума работа в екип
653 ## - Ключова дума – ненормативна
Ключова дума организационно поведение
653 ## - Ключова дума – ненормативна
Ключова дума социална психология
852 ## - Местоположение
Форматна сигнатура Цб 239487
856 4# - Електронен адрес и достъп
Електронен формат pdf - файл
Път до файла /url/
856 4# - Електронен адрес и достъп
Електронен формат pdf - файл
Път до файла /url/
942 ## - АРТИКУЛИ
Вид на библиотечния материал Книги
Скрит в OPAC Не
Koha issues (borrowed), all copies 7
944 ## - СЪЗДАВАНЕ И РЕДАКЦИЯ на ЗАПИСА
Създаване/Редакция Създаване
Дата на регистрацията/редакция 08.04.2008
Служител, извършил регистрацията/редакцията 30576
Статус, дата на статуса Цветомила Тодорова
944 ## - СЪЗДАВАНЕ И РЕДАКЦИЯ на ЗАПИСА
Създаване/Редакция Редакция
Дата на регистрацията/редакция 15.01.2009
Служител, извършил регистрацията/редакцията
999 ## - СИСТЕМНИ КОНТРОЛНИ НОМЕРА
Koha biblionumber 78543
Koha biblioitemnumber 78543
Наличности
Код за отписване Код за изгубен артикул Източник на класификационната схема Код за повреда Коз за рестрикции Код за отдаване Артикулен № Име на библиотеката - собственик Име на библиотеката, в която се намира в момента Статус (Текущо местоположение) Дата на вписване в системата Местоположение - отдел Цена в лева Инвентарен номер Систематично азбучна сигнатура Баркод Номер на екземпляра Цена в евро Служебна бележка Служебен тип на артикула
Изтеглен Не е изгубен Universal Decimal Classification Не е повреден без рестрикции заемане за дома 127066 Регионална библиотека "Любен Каравелов" Русе Регионална библиотека "Любен Каравелов" Русе Заемна - подръчен фонд 2008-04-08 Заемна - подръчен фонд 10.00 120000725331 П 316.4/С 83 120000725331 1 5.11 Дост: Pk Вид: Ф N: 2108 Дата: 03.04.2008 Дата инв: 02.02.2018 Бележки инв: П2018 Книги
  Не е изгубен   Не е повреден без рестрикции ползва се в читалня 127067 Регионална библиотека "Любен Каравелов" Русе Регионална библиотека "Любен Каравелов" Русе Хранилище 2008-05-27 Хранилище 10.00 120000726688 Цб 239487 120000726688 2 5.11 Дост: Dp Вид: Д N: 15 Дата: 12.03.2008 Книги
  Не е изгубен   Не е повреден без рестрикции заемане за дома 127068 Регионална библиотека "Любен Каравелов" Русе Регионална библиотека "Любен Каравелов" Русе Заемна - подръчен фонд 2008-07-18 Заемна - подръчен фонд 10.00 120000727569 П 316.4/С 83 120000727569 3 5.11 Дост: Pk Вид: Ф N: 5999 Дата: 16.07.2008 Дата инв: 02.02.2018 Бележки инв: П2018 Книги
  Не е изгубен   Не е повреден без рестрикции заемане за дома 127069 Регионална библиотека "Любен Каравелов" Русе Регионална библиотека "Любен Каравелов" Русе Заемна - подръчен фонд 2008-07-22 Заемна - подръчен фонд 10.00 120000727687 П 316.4/С 83 120000727687 4 5.11 Дост: Pk Вид: Ф N: 6001 Дата: 17.07.2008 Дата инв: 02.02.2018 Бележки инв: П2018 Книги
  Не е изгубен   Не е повреден без рестрикции заемане за дома 127070 Регионална библиотека "Любен Каравелов" Русе Регионална библиотека "Любен Каравелов" Русе Заемна - подръчен фонд 2008-10-20 Заемна - подръчен фонд 10.00 120000730762 П 316.4/С 83 120000730762 5 5.11 Дост: Pk Вид: Ф N: 8706 Дата: 14.10.2008 Дата инв: 02.02.2018 Бележки инв: П2018 Книги
  Не е изгубен   Не е повреден без рестрикции заемане за дома 127071 Регионална библиотека "Любен Каравелов" Русе Регионална библиотека "Любен Каравелов" Русе Заемна - подръчен фонд 2008-10-20 Заемна - подръчен фонд 10.00 120000730763 П 316.4/С 83 120000730763 6 5.11 Дост: Pk Вид: Ф N: 8706 Дата: 14.10.2008 Дата инв: 02.02.2018 Бележки инв: П2018 Книги
Изтеглен Не е изгубен   Не е повреден без рестрикции заемане за дома 127072 Регионална библиотека "Любен Каравелов" Русе Регионална библиотека "Любен Каравелов" Русе Заемна - подръчен фонд 2008-10-20 Заемна - подръчен фонд 10.00 120000730764 П 316.4/С 83 120000730764 7 5.11 Дост: Pk Вид: Ф N: 8706 Дата: 14.10.2008 Дата инв: 02.02.2018 Бележки инв: П2018 Книги
Изтеглен Не е изгубен Universal Decimal Classification Не е повреден без рестрикции ползва се в читалня 127073 Регионална библиотека "Любен Каравелов" Русе Регионална библиотека "Любен Каравелов" Русе Читалня 2008-10-20 Читалня 10.00 120000730765 Ч 316/С 83 120000730765 8 5.11 Дост: Pk Вид: Ф N: 8706 Дата: 14.10.2008 Дата инв: 22.03.2017 Бележки инв: Ч2017 Книги
Vip Innovations Ltd, Rousse, Bulgaria 2025